Metodología de la investigación para la ciencia jurídica / (Registro nro. 8428)

Detalles MARC
000 -LEADER
fixed length control field 00965nam a2200241Ia 4500
003 - CONTROL NUMBER IDENTIFIER
control field OSt
005 - DATE AND TIME OF LATEST TRANSACTION
control field 20210825155807.0
008 - FIXED-LENGTH DATA ELEMENTS--GENERAL INFORMATION
fixed length control field 210310t1999 ck fr 000 0dspa d
020 ## - INTERNATIONAL STANDARD BOOK NUMBER
International Standard Book Number 9588087155
040 ## - CATALOGING SOURCE
Original cataloging agency CO-JMCR
Transcribing agency CO-JMCR
041 0# - LANGUAGE CODE
Language code of text/sound track or separate title spa
082 04 - DEWEY DECIMAL CLASSIFICATION NUMBER
Classification number 340.18 /
Item number F465m
Edition number 23
100 1# - MAIN ENTRY--PERSONAL NAME
Personal name Fierro-Méndez, Heliodoro,
9 (RLIN) 17241
Relator term autor
245 10 - TITLE STATEMENT
Title Metodología de la investigación para la ciencia jurídica /
Statement of responsibility, etc. Heliodoro Fierro-Méndez
260 ## - PUBLICATION, DISTRIBUTION, ETC.
Place of publication, distribution, etc. Bogotá :
Name of publisher, distributor, etc. Ediciones Jurídicas Gustavo Ibáñez,
Date of publication, distribution, etc. ©1999
300 ## - PHYSICAL DESCRIPTION
Extent 262 páginas ;
Dimensions 24 cm.
500 ## - GENERAL NOTE
General note Incluye datos biográficos del autor y notas a pie de página.
504 ## - BIBLIOGRAPHY, ETC. NOTE
Bibliography, etc. note Bibliografía: páginas 261-262
505 0# - FORMATTED CONTENTS NOTE
Formatted contents note Conceptos preliminares -- Proyecto o fase preliminar de la investigación -- La investigación en sentido material -- La investigación en sentido formal
650 14 - SUBJECT ADDED ENTRY--TOPICAL TERM
Topical term or geographic name entry element Ciencia y estado
9 (RLIN) 17243
Geographic subdivision Colombia
650 24 - SUBJECT ADDED ENTRY--TOPICAL TERM
Topical term or geographic name entry element Investigación jurídica
9 (RLIN) 39710
942 ## - ADDED ENTRY ELEMENTS (KOHA)
Source of classification or shelving scheme Dewey Decimal Classification
Koha item type Books
Existencias
Withdrawn status Lost status Source of classification or shelving scheme Damaged status Not for loan Collection code Home library Current library Date acquired Source of acquisition Full call number Barcode Date last seen Copy number Koha item type
    Dewey Decimal Classification     Non-fiction Biblioteca Pública José María del Castillo y Rada Biblioteca Pública José María del Castillo y Rada 04/15/2018 Donación 340.18 / F465m 430006393 05/16/2024 Ej.1 Books